LEADER 01471nam 2200397 a 450 001 9910695080103321 005 20060417133646.0 035 $a(CKB)5470000002365916 035 $a(OCoLC)66901371 035 $a(EXLCZ)995470000002365916 100 $a20060417d2006 ua 0 101 0 $aeng 135 $aurmn|---||||| 181 $ctxt$2rdacontent 182 $cc$2rdamedia 183 $acr$2rdacarrier 200 10$aHomeland Security$b[electronic resource] $erecommendations to improve management of key border security program need to be implemented : report to congressional requesters 210 1$a[Washington, D.C.] :$cU.S. Government Accountability Office,$d[2006] 215 $aii, 83 pages $cdigital, PDF file 300 $aTitle from title screen (viewed on Apr. 3, 2006). 300 $a"February 2006." 300 $aPaper version available from: U.S. Government Accountability Office, 441 G St., NW, Rm. LM, Washington, D.C. 20548. 300 $a"GAO-06-296." 320 $aIncludes bibliographical references. 517 $aHomeland Security 606 $aTerrorism$zUnited States$xPrevention 606 $aNational security$zUnited States 607 $aUnited States$xEmigration and immigration$xGovernment policy 615 0$aTerrorism$xPrevention. 615 0$aNational security 801 0$bGPO 801 1$bGPO 906 $aBOOK 912 $a9910695080103321 996 $aHomeland Security$91686681 997 $aUNINA